Vincitori Copa América - Statistics

Statistiche generali
  • Questo quiz è stato fatto 88 volte
  • Il punteggio medio è 7 su 8
Statistiche sulle risposte
Numero vittorie Edizioni vincenti Nazionale % Corretto
16 1921 - 1925 - 1927 - 1929 - 1937 - 1941 - 1945 - 1946 - 1947 - 1955 - 1957 - 1959 - 1991 - 1993 - 2021 - 2024 Argentina
99%
9 1919 - 1922 - 1949 - 1989 - 1997 - 1999 - 2004 - 2007 - 2019 Brasile
99%
15 1916 - 1917 - 1920 - 1923 - 1924 - 1926 - 1935 - 1942 - 1956 - 1959 - 1967 - 1983 - 1987 - 1995 - 2011 Uruguay
98%
2 2015 - 2016 Cile
93%
1 2001 Colombia
93%
2 1939 - 1975 Perù
89%
2 1953 - 1979 Paraguay
85%
1 1963 Bolivia
84%
Nessun quiz corrispondente trovato
Distribuzione punteggi
Percentuale di utenti per punteggio
Percentile per numero di risposta
I tuoi punteggi nel tempo
Non hai fatto questo quiz